| 000 | 00633nam a22001937a 4500 | ||
|---|---|---|---|
| 005 | 20140603164335.0 | ||
| 010 | _aB-505493-511 | ||
| 020 |
_a9789382127086 _c495.00 |
||
| 035 | _aB-505493-511 | ||
| 037 |
_adpl _bBSB/Ven |
||
| 082 | _a580 | ||
| 100 | _aVerma, V | ||
| 245 |
_aBotany/ _cby V.Verma |
||
| 260 |
_aNew Delhi _bAne Books _c2013 |
||
| 270 |
_a4821, Parwana Bhawan, Ist Floor, 24 Ansari Road, Darya Ganj _bNew Delhi _e110002, India |
||
| 300 |
_a1068p.: _bill. _c23cm(pbk) |
||
| 942 |
_2ddc _cEN _h580 _mVER |
||
| 999 |
_c84798 _d84798 |
||